000 00722nam a2200265Ia 4500
005 20260121170132.0
008 008 260114s9999 xx 000 0 eng d
020 _a9783319619712
037 _aEBOOK
040 _aCRL
040 _beng
040 _cCRL
041 _2eng
041 _aeng
084 _qCRL
100 _aElisabeth Hultqvist, Sverker Lindblad, Thomas S. Popkewitz
_91060227
245 0 _aCritical Analyses of Educational Reforms in an Era of Transnational Governance
260 _bSpringer
260 _bSpringer
260 _c2018
856 _uhttps://link.springer.com/openurl?genre=book&isbn=978-3-319-61971-2
942 _cEBOOK
999 _c1625956
_d1625956